| 000 | 00498nab a2200145Ia 4500 | ||
|---|---|---|---|
| 003 | ES-SlBCS | ||
| 005 | 20210601141250.0 | ||
| 008 | 140529s1999 xxu||||| |||| 00| 0 spa d | ||
| 041 | _aspa | ||
| 100 | 1 |
_aNavia, Ricardo J. _9209270 |
|
| 245 | 0 | 0 |
_aEl argumento del lenguaje privado en Wittgenstein y algunas de sus repercusiones filosóficas _c Ricardo J. Navia |
| 600 | 1 | 4 |
_aWittgenstein-Lenguaje _9246923 |
| 773 | 0 |
_tEducaçao e Filosofia _gvol. 13, nº. 26, 1999, págs. 21 _wRev1534 |
|
| 942 | _cAR | ||
| 999 |
_c657930 _d657930 |
||